West African Economic and Monetary Union : Financial Sector Assessment Program-Technical Note on Financial Safety Net and Crisis Preparedness.

The institutional and legal frameworks for financial stability in the West African Economic and Monetary Union (WAEMU) have seen significant progress since the previous Financial Sector Assessment Program (FSAP) in 2008. 1 The institutional reform of the WAEMU and the Central Bank of West African St...

ver descrição completa

Detalhes bibliográficos
Autor Corporativo: International Monetary Fund. African Dept
Formato: Periódico
Idioma:English
Publicado em: Washington, D.C. : International Monetary Fund, 2022.
Colecção:IMF Staff Country Reports; Country Report ; No. 2022/281
Assuntos:
Acesso em linha:Full text available on IMF
LEADER 02719cas a2200289 a 4500
001 AALejournalIMF023070
008 230101c9999 xx r poo 0 0eng d
020 |c 20.00 USD 
020 |z 9798400218514 
022 |a 1934-7685 
040 |a BD-DhAAL  |c BD-DhAAL 
110 2 |a International Monetary Fund.  |b African Dept. 
245 1 0 |a West African Economic and Monetary Union :   |b Financial Sector Assessment Program-Technical Note on Financial Safety Net and Crisis Preparedness. 
264 1 |a Washington, D.C. :  |b International Monetary Fund,  |c 2022. 
300 |a 1 online resource (43 pages) 
490 1 |a IMF Staff Country Reports 
500 |a <strong>Off-Campus Access:</strong> No User ID or Password Required 
500 |a <strong>On-Campus Access:</strong> No User ID or Password Required 
506 |a Electronic access restricted to authorized BRAC University faculty, staff and students 
520 3 |a The institutional and legal frameworks for financial stability in the West African Economic and Monetary Union (WAEMU) have seen significant progress since the previous Financial Sector Assessment Program (FSAP) in 2008. 1 The institutional reform of the WAEMU and the Central Bank of West African States (BCEAO) in 2010 clarified the respective mandates and responsibilities of the latter and the WAEMU Banking Commission (CBU), and it strengthened the CBU's legal autonomy and enforcement powers. A new banking law adopted in 2010 established an overall framework for the operation and supervision of banking activities, which has been rendered more proactive and risk based with the gradual implementation of the Basel II/III mechanism initiated in 2016. A bank resolution regime was introduced in 2015 and the mandate of the deposit guarantee fund, created in 2014, was expanded to bank resolution funding in 2018. A macroprudential policy framework, including for monitoring systemic financial sector risks, was developed around the BCEAO and the Financial Stability Committee (CSF-UMOA) in 2010. This series of reforms has greatly enhanced the robustness of the financial safety net via its four components: the early intervention mechanism, the bank resolution regime, the deposit insurance system, and the emergency liquidity assistance (ELA) mechanism. 
538 |a Mode of access: Internet 
650 7 |a Financial Institutions and Services  |2 imf 
650 7 |a International Agreements and Observance  |2 imf 
650 7 |a International Organizations  |2 imf 
650 7 |a Monetary Policy  |2 imf 
830 0 |a IMF Staff Country Reports; Country Report ;  |v No. 2022/281 
856 4 0 |z Full text available on IMF  |u https://elibrary.imf.org/openurl?genre=journal&issn=1934-7685&volume=2022&issue=281  |z IMF e-Library